000 00550nam a2200181Ia 4500
999 _c29321
_d29321
003 OSt
005 20201123094912.0
008 190216s9999||||xx |||||||||||||| ||und||
016 _29788182646674
040 _coclc
082 _a894.8123
_bNAI/S
100 _aNair, Vaikkom Chandrasekharan
_96828
245 0 _aSmruthikaavyam /
_cVaikkom Chandrasekharan Nair
260 _bMathrubhumi Printing & publishing,
_aKozhikode:
_c2008.
300 _a159p
650 _aNovel
942 _cBK
_2ddc
_h894.8123
_iNAI/S
_k894.8123
_mNAI/S